Znižovanie plytvania potravinami v domácnostiach

Plytvanie potravinami predstavuje vážny svetový problém. Potravinové straty majú vplyv najmä na potravinovú bezpečnosť chudobných ľudí, na kvalitu a bezpečnosť potravín, na hospodársky vývoj, ale aj na životné prostredie. Plytvanie potravinami má aj sociálny vplyv, kedy prispieva k zvyšovaniu cien p...

Full description

Saved in:
Bibliographic Details
Main Author: Krnáčová, Paulína, 1983-
Other Authors: Hargašová, Barbora
Format: Book Chapter
Language:Slovak
Subjects:
Tags: Add Tag
No Tags, Be the first to tag this record!

MARC

LEADER 00000naa$a2200000$$$4500
001 0249386
005 20240502074004.0
041 0 |a slo 
044 |a SK 
245 1 0 |a Znižovanie plytvania potravinami v domácnostiach  |c Paulína Krnáčová, Barbora Hargašová 
520 |a Plytvanie potravinami predstavuje vážny svetový problém. Potravinové straty majú vplyv najmä na potravinovú bezpečnosť chudobných ľudí, na kvalitu a bezpečnosť potravín, na hospodársky vývoj, ale aj na životné prostredie. Plytvanie potravinami má aj sociálny vplyv, kedy prispieva k zvyšovaniu cien potravín a zároveň znižuje dostupnosť potravín pre najchudobnejšie krajiny na svete. Ďalším dôsledkom plytvania potravinami je znižovanie úrovne kvality prírodných zdrojov. Teoretické východiská plytvania potravinami v domácnostiach. Návrh mobilnej aplikácie Don´t Waste. Aplikácia upozorní spotrebiteľa včas na končiacu sa dobu trvanlivosti potraviny upozornením na obrazovke mobilného telefónu, a tak pomôže zabrániť pokazeniu a následnému vyhodeniu potraviny. 
610 2 0 |a potraviny 
610 2 0 |a plytvanie potravinami 
610 2 0 |a spotreba 
610 2 0 |a bezpečnosť potravinová 
610 2 0 |a domácnosti 
610 2 0 |a telefón mobilný 
610 2 0 |a aplikácie mobilné 
100 1 |a Krnáčová, Paulína, 1983- 
700 1 |a Hargašová, Barbora